La escuela criminológica positivista / (Record no. 153690)
[ view plain ]
| 000 -LEADER | |
|---|---|
| campo de control de longitud fija | 00794nam a22002175i 4500 |
| 001 - NÚMERO DE CONTROL | |
| campo de control | 153690 |
| 003 - IDENTIFICADOR DE NÚMERO DE CONTROL | |
| campo de control | ES-MaACL |
| 005 - FECHA Y HORA DE LA ÚLTIMA TRANSACCIÓN | |
| campo de control | 20250831132618.0 |
| 008 - DATOS DE LONGITUD FIJA--INFORMACIÓN GENERAL | |
| campo de control de longitud fija | 990611q18901900sp |||| | spa d |
| 040 ## - FUENTE DE CATALOGACIÓN | |
| Centro catalogador/agencia de origen | CCPB | B |
| Lengua de catalogación | spa |
| Centro/agencia transcriptor | CCPB | B |
| 245 03 - MENCIÓN DEL TÍTULO | |
| Título | La escuela criminológica positivista / |
| Mención de responsabilidad, etc. | por C. Lombroso... [et al.]. |
| 260 ## - PUBLICACIÓN, DISTRIBUCIÓN, ETC. | |
| Lugar de publicación, distribución, etc. | Madrid : |
| Nombre del editor, distribuidor, etc. | La España Moderna, |
| Fecha de publicación, distribución, etc. | [s.a] |
| 300 ## - DESCRIPCIÓN FÍSICA | |
| Extensión | 305 p. ; |
| Dimensiones | 21 cm. |
| 490 1# - MENCIÓN DE SERIE | |
| Mención de serie | Biblioteca de Jurisprudencia, Filosofía e Historia |
| 596 #1 - NOTA AL PIE DE IMPRENTA | |
| NOTA AL PIE DE IMPRENTA | La España Moderna ejerce como editorial ca. 1890-1900. |
| 650 #4 - PUNTO DE ACCESO ADICIONAL DE MATERIA--TÉRMINO DE MATERIA | |
| Término de materia o nombre geográfico como elemento de entrada | Criminología. |
| 9 (RLIN) | 135832 |
| 700 10 - ENTRADA AGREGADA--NOMBRE PERSONAL | |
| Nombre de persona | Lombroso, Cesare, |
| Fechas asociadas al nombre | 1835-1909 |
| 9 (RLIN) | 242173 |
| 830 00 - PUNTO DE ACCESO ADICIONAL DE SERIE-TÍTULO UNIFORME | |
| Título uniforme | Biblioteca de jurisprudencia, filosofía e historia |
| 9 (RLIN) | 180691 |
| 852 ## - LOCALIZACIÓN | |
| Ubicación | ES-MaACL |
| Número de control de estantería | B-12428 |
| Nota libre | -- Enc. pasta española |
| Estatus retirado | Estado de pérdida | Estado de daño | No para préstamo | Biblioteca de origen | Biblioteca actual | Ubicación en estantería | Fecha de adquisición | Fuente de adquisición | Total de préstamos | Signatura topográfica completa | Código de barras | Visto por última vez | Precio de reemplazo | Tipo de ítem Koha |
|---|---|---|---|---|---|---|---|---|---|---|---|---|---|---|
| Biblioteca del Ateneo de Madrid | Biblioteca del Ateneo de Madrid | Sala Pardo Bazán | 17/01/2008 | B-12428 | 1160672 | 23/02/2023 | 23/02/2023 | Libro impreso |
